| 000 | 00814nam a22002297i 4500 | ||
|---|---|---|---|
| 999 |
_c22967 _d22967 |
||
| 003 | AR-CdUCM | ||
| 008 | 240808b20152015 pe||||| |||| 00| 0 spa d | ||
| 020 | _a978-612-314-353-4 | ||
| 040 |
_aMUNICIPALIDAD PROVINCIAL DEL CUSCO _cBIBLIOTECA MUNICIPAL DEL CUSCO |
||
| 082 |
_aEP / 376.36 / O38M _bO38M |
||
| 100 |
_aOjeda Zañartu, Erlita _950081 |
||
| 245 |
_aLos mosquitos de Santa Rosa , _bLos ratones de Fray Martín / |
||
| 260 |
_aLima : _bEdiciones COREFO S.A.C., _c2015. |
||
| 300 |
_a15 páginas. : _bIlustraciones en color, _c28 cm. |
||
| 505 | _aBasado en la obra de Ricardo Palma | ||
| 650 |
_aLiteratura infantil _9588 |
||
| 650 |
_aCuento _94671 |
||
| 650 |
_aRazonamiento verbal _950151 |
||
| 700 |
_aD’Arraigo, Alfredo [Ilustrador] _950152 |
||
| 942 |
_2ddc _cLIBROS |
||
| 945 |
_apbj _d2024-08-08 |
||